Wortgemisch - Deutsche Flüsse - Statistiken

Allgemein
  • Dieses Quiz wurde 130 mal gespielt
  • Das Durchschnittsergebnis liegt bei 11 aus 15
Antwortstatistiken
Fluss % Korrekt
Enz
100%
Elbe
97%
Ems
97%
Elz
95%
Lech
95%
Saale
95%
Ruhr
94%
Weser
94%
Inn
92%
Rhein
91%
Havel
90%
Main
90%
Saar
89%
Ilm
88%
Wupper
88%
Fulda
85%
Werra
84%
Donau
83%
Spree
83%
Lahn
82%
Lippe
81%
Mosel
79%
Isar
76%
Sieg
76%
Elde
74%
Eder
71%
Leine
71%
Neckar
71%
Aller
69%
Iller
59%
Erft
57%
Kocher
53%
Jagst
50%
Unstrut
50%
Trave
49%
Eider
45%
Warnow
29%
Schwarze Elster
7%
Keine übereinstimmenden Quizze gefunden
Verteilung der Resultate
Anzahl Personen mit jedem Resultat
Perzentil nach korrekt beantworteten Fragen
Ihre Resultats-Entwicklung
Sie haben dieses Quiz noch nicht gespielt